000 02061nam0a2200349 4500
001 RU\NLR\BIBL_A\016280997
005 20230330152605.0
010 _a978-5-9273-3443-8
_9100
021 _aRU
_bКН-П-22-095039
_9КН-П-22-8476
035 _a(NLR Aleph) 016280997
035 _a(RuMoRGB)011511562
090 _a12916287
_c12916287
100 _a20230208d2022 k y0rusy50 ca
101 0 _arus
102 _aRU
105 _aa z 000zy
200 1 _aКоллективизация и Шолохов: изображение колхозной жизни в романе "Поднятая целина"
_eмонография
_fН. М. Муравьёва
_gМинистерство науки и высшего образования РФ, Федеральное государственное бюджетное образовательное учреждение высшего образования "Воронежский государственный университет"
210 _aВоронеж
_cИздательский дом ВГУ
_d2022
215 _a154 с.
_cил.
_d20
320 _aБиблиогр.: с. 126-133 (107 назв.)
604 _1700#1$aШолохов$bМ.А.$gМихаил Александрович$f1905 - 1984
_1500##$a"Поднятая целина"$2nlr_sh1$2nlr_sh2$3RU\NLR\AUTH\661201515
_aШолохов, Михаил Александрович (1905 - 1984)
_t"Поднятая целина"
_91994751
_3RU\NLR\AUTH\661201515
606 1 _aДеревня
_xв литературе русской советской
_92256167
_3RU\NLR\AUTH\6601583194
675 _a821.161.1.09
_v4
686 1 _aШ5(2=Р)7-4Шолохов
686 2 _aШ5(2=Р)7-342.3
700 1 _aМуравьёва
_bН. М.
_gНаталия Михайловна
702 1 _4280
_7ca
_8rus
_aШолохов
_bМ. А.
_cписатель
_f1905-1984
_gМихаил Александрович
_96703
_3RU\NLR\AUTH\7723650
942 _cBOOK
980 _aNB